Ir para o conteúdo

Методы спектрального анализа сигналов учебное пособие

Изложены математические непараметрические и параметрические методы спектрального анализа радиотехнических сигналов, а также алгоритмы весовой обработки и быстрого преобразования Фурье. Предназначено студентам, обучающимся по образовательной программе магистратуры направления 11.04.01 "Радиотехн...

ver descrição completa

Na minha lista:
Detalhes bibliográficos
Autor principal: Кошелев В. И.
Formato: Книга
Idioma:Russian
Publicado em: Рязань РГРТУ 2017
Acesso em linha:https://e.lanbook.com/book/168317
https://e.lanbook.com/img/cover/book/168317.jpg
Tags: Adicionar Tag
Sem tags, seja o primeiro a adicionar uma tag!
LEADER 01903nam0a2200241 i 4500
001 168317
003 RuSpLAN
005 20221220174120.0
008 221220s2017 ru gs 000 0 rus
040 |a RuSpLAN 
041 0 |a rus 
044 |a ru 
080 |a 621.372 (075) 
245 0 0 |a Методы спектрального анализа сигналов  |b учебное пособие  |c Кошелев В. И. 
260 |a Рязань  |b РГРТУ  |c 2017 
300 |a 60 с. 
504 |a Библиогр.: доступна в карточке книги, на сайте ЭБС Лань 
520 8 |a Изложены математические непараметрические и параметрические методы спектрального анализа радиотехнических сигналов, а также алгоритмы весовой обработки и быстрого преобразования Фурье. Предназначено студентам, обучающимся по образовательной программе магистратуры направления 11.04.01 "Радиотехника", для изучения курса «Методы спектрального анализа сигналов», выполнения курсового проекта и студенческой НИР. Пособие будет полезно для студентов других форм и направлений подготовки, связанных со спектральной обработкой сигналов. 
521 8 |a Книга из коллекции РГРТУ - Инженерно-технические науки 
100 1 |a Кошелев В. И. 
856 4 |u https://e.lanbook.com/book/168317 
856 4 8 |u https://e.lanbook.com/img/cover/book/168317.jpg 
953 |a https://e.lanbook.com/img/cover/book/168317.jpg 
Cannot write session to /tmp/vufind_sessions/sess_bo3h8nna0m0ps09vurovht8f2j